000
00326nam a22001457a 4500
003
OSt
005
20160727222408.0
008
160624b xxu||||| |||| 00| 0 eng d
040
_c
TEST
100
_9
909
_a
Seidensticker, E
245
_a
Japan
260
_a
NEW YORK
_b
TIME LIFE BOOKS
_c
1968
300
_a
Japan
942
_2
ddc
_c
BK
999
_c
722
_d
722